Movies Quiz

Random Movies or Actor Quiz

Tom Cruise Movies by Poster Quiz Stats

Quiz Updated Feb 7, 2015

Challenge
Share
Tweet
Score 0/25 Timer 06:00
3 Plays Today
% Correct
Top Gun
98.8%
Rain Man
85.2%
Risky Business
80.1%
A Few Good Men
75.7%
Mission: Impossible
73.7%
Jerry Maguire
73.4%
The Last Samurai
72.7%
Interview with the Vampire
69.4%
Eyes Wide Shut
67.1%
Born on the Fourth of July
61.6%
Cocktail
60.3%
Vanilla Sky
59.5%
Valkyrie
55.3%
% Correct
Knight and Day
53.5%
Days of Thunder
53.2%
The Color of Money
50.8%
Magnolia
50.7%
The Firm
50.6%
The Outsiders
49.2%
Collateral
48.7%
Jack Reacher
48.2%
Far and Away
44.9%
Oblivion
33.5%
Minority Report
30.3%
Legend
23.3%

You're not logged in!

Compare scores with friends on all Sporcle quizzes.
Join for Free
OR
Log In

You Might Also Like...

Show Comments

Extras

Top Quizzes Today


Score Distribution

Your Account Isn't Verified!

In order to create a playlist on Sporcle, you need to verify the email address you used during registration. Go to your Sporcle Settings to finish the process.

Report this User

Report this user for behavior that violates our Community Guidelines.

Details: